| 000 | 01072nas a2200349 4500 | ||
|---|---|---|---|
| 001 | BR2016001039 | ||
| 003 | BR-BrBNA | ||
| 005 | 20231205130226.0 | ||
| 007 | ta | ||
| 008 | 230509b bl.|||p| |||| 00| 00por d | ||
| 040 |
_aBR-BrBNA _bpor _cBiblioteca Nacional de Agricultura |
||
| 041 | _a(Pt) | ||
| 072 | _aL72 | ||
| 100 | 1 | _aBastos, G. de A. | |
| 100 | 1 | _aSoares, A.C.M. | |
| 100 | 1 | _aFrança, D.E.G. | |
| 100 | 1 | _aVieira, T.M. | |
| 100 | 1 | _aDuarte, E.R. | |
| 100 | 1 | _aOliveira, N.J.F. de | |
| 245 | 1 | _aPlaquetograma de ovinos infestados por nematoide e tratados com "cogumelo do sol" | |
| 650 | _aOVINO | ||
| 650 | _aNEMATOIDE | ||
| 650 | _aHAEMONCHUS CONTORTUS | ||
| 650 | _aSANGUE | ||
| 650 | _aANALISE | ||
| 650 | _aPLANTA MEDICINAL | ||
| 650 | _aCOGUMELO DO SOL | ||
| 773 | 0 |
_tCaderno de Ciências Agrárias (Brazil) _xISSN 2447-6218 _g(Jan-Apr 2015), v. 7(1 Supl. 2) p. 174-177 _wBR2016001039 |
|
| 856 | 4 | 0 | _uhttps://seer.ufmg.br/index.php/ccaufmg/article/view/1256/949 |
| 909 |
_a202311 _bLúcia _c55 _dLúcia Elande |
||
| 942 |
_2AGRIS _n0 _cANA |
||
| 999 |
_c248339 _d248339 |
||